000 00856cam a2200241 a 4500
001 sa 64004537
003 DLC
005 20260227112025.0
008 891013s1963 ii 000 0 gujo
010 _asa 64004537
035 _a(OCoLC)20488439
040 _aDLC
_cDLC
050 0 0 _aPK1852
_b.P29 1963
100 1 _aPāṭhaka, Jayanta Himmatalāla,
_d1920-2003.
245 1 0 _aĀdhunika kavitāpravāha /
_cJayanta Pāṭhaka.
260 _aSūrata :
_bCūnīlāla Gāndhī Vidyābhavana :
_bSārvajanika Ecyukeśana Sosāyaṭī,
_c1963.
300 _a7, 314 p. ;
_c19 cm.
490 1 _aCūnīlāla Gāndhī Vidvābhavana prakāśana ;
_v11
546 _aIn Gujarati.
500 _aA revision of the author's thesis--Gujarat University.
650 0 _aGujarati poetry
_xHistory and criticism.
830 0 _aChunilal Gandhi Vidyabhavan studies ;
_v11.
999 _c58575
_d58575